000 00295nam a22001217a 4500
082 _a030
_bFUN/S-20
100 _aFUNK
100 _aWAGNALLS
245 _a NEW ENCYCOPEDIA OF SCIENCE: VOL 20 TAR -UNI
260 _aWISCONSIN
_bRAINTREE PUBLISHERS
650 _aENCYCLOPEDIA
_zAMERICA
942 _cBK
999 _c1954
_d1954